000 00710nam a2200241Ia 4500
003 OSt
005 20230725095447.0
008 210716s2005 xx 000 0 und d
020 _a8170946352
040 _cAIMIT LIBRARY
041 _aeng
082 _a343.04
_21
_bYASN
100 _aYasawy, N J.
_9128285
245 _aPersonal investment and tax planning yearbook /
_cBy N J Yasaswy.
250 _a1st ed.
260 _aNew Delhi :
_bVision Books ,
_c2005.
300 _a300,8p. ;
_bPB
_c21.5 cm
650 _aTaxation
_9128286
651 _aUnion budget 2005-2006
_9128287
651 _aPersonal taxation
_9128288
651 _aInvesting in real estate
_9128289
942 _2ddc
_cBK
_e1st
_k343.04 YASN
999 _c200522
_d200522